000 01504nam a2200385 i 4500
001 198221
003 ES-MaACL
005 20260608211602.0
007 ta
008 260414s2006 sp a|||| |||| 001 0 spa d
017 _aM 47553-2006
020 _a84-933961-3-3
040 _aES-MaACL
_bspa
_cES-MaACL
_erda
080 _a681.817.61.061:061.5(460.27)(091)
100 1 _aRamírez, Amalia
_4aut
_9242976
_eaut
245 1 0 _aJosé Ramírez :
_bconstructor de guitarras, luthier, 1882-2007 /
_cautor = author, Amalia Ramírez ; traducción = translation, Annette Brooks ; fotografía = phtography, Patricia Soto [y otros 5]
264 1 _aMadrid :
_bCasa Ramírez,
_c2006
300 _aCCV páginas :
_bprincipalmente ilustraciones (blanco y negro y color) ;
_c28 cm
336 _2rdacontent
_aTexto
_aimagen fija
337 _2rdamedia
_asin mediación
338 _2rdacarrier
_avolumen
500 _aRegistro provisional A-16002. Depósito 1
500 _aEn cubierta: 125 aniversario, anniversary
500 _aÍndice
546 _aTexto en español e inglés
610 2 4 _aGuitarras Ramírez
_vHistoria
_9242979
700 1 _aBrooks, Annette
_4trl
_9242977
_etrl
700 1 _aSoto, Patricia
_4pht
_9242978
_epht
852 _aES-MaACL
_cDEPO1
_jA-16002
_xEncuadernación rústica con solapas
_9207203
942 _cMONOGRAFIA
_n0
999 _c198221
_d198221